000 00461nam a2200145Ia 4500
008 231129s2007||||xx |||||||||||||| ||spa||
020 _a958-8239-22-2
040 _bspa
082 _a364.154 G633t
100 _aGómez Velásquez Jaime Enrique
245 0 _aTras la huella de la verdad: El caso Gloria Lara de Echeverri
260 _c2007
264 _aFundación para la Investigación y la Cultura
942 _2ddc
_cBKS
999 _c25571
_d25571